000 00695nam a22002537a 4500
001 BR7310297
003 BR-BrBNA
005 20230928084200.0
007 ta
008 230509b bl.||||| |||| 00| 0 por d
040 _aBR-BrBNA
_bpor
_cBiblioteca Nacional de Agricultura
041 _a(Por)
072 _aL10
090 _ L10 BR7310297
110 1 _aDepartamento Nacional de Producao Animal, Brasilia, DF (Brasil)
_93357
245 1 _aRelatorio. Registro genealogico de 1973
260 3 _aBrasilia, DF (Brasil):
_c1973.
300 _a200 p.
500 _aNumerical data
650 _aRACA
650 _aREGISTRO GENEALOGICO
909 _a202309
_bLucia
_c55
_dLucia Elande
942 _cBK
999 _c17332
_d17332